La reestructuración de las escuelas : La siguiente generación de la reforma educativa /

Durante el tercer cuarto de este siglo, en la mayor parte de los países en vías de desarrollo se pensó que la planeación centralizada era un instrumento efectivo para resolver los problemas que planteaba la educación. Al fallar esta planeación los autores proponen definir la reestructuración escolar...

Full description

Bibliographic Details
Main Author: Elmore, Richard F.
Format: Libro
Language:Spanish
Published: México Fondo de Cultura Económica 1996
Edition:1a. ed.
Series:Obras de educación y pedagogía
Subjects:
Online Access:

MARC

LEADER 00000cam a2200000 a 4500
001 015153
003 UAHC_CL
005 20170803121224.0
008 081117s1996 mx 000 spa
020 |a 9681646622 
040 |a UAHC_CL  |c UAHC_CL  |d UAHC_CL 
082 0 4 |a 371.2  |b E48  |2 20 
100 1 |a Elmore, Richard F. 
245 1 3 |a La reestructuración de las escuelas :  |b La siguiente generación de la reforma educativa /  |c Richard F. Elmore y colaboradores ; [Tradución de Hugo Martínez Moctezuma]. 
250 |a 1a. ed. 
260 |b Fondo de Cultura Económica  |a México  |c 1996 
300 |a 358 p. 
490 0 |a Obras de educación y pedagogía 
520 |a Durante el tercer cuarto de este siglo, en la mayor parte de los países en vías de desarrollo se pensó que la planeación centralizada era un instrumento efectivo para resolver los problemas que planteaba la educación. Al fallar esta planeación los autores proponen definir la reestructuración escolar desde los puntos de vista conceptual, político y organizacional. 
650 4 |a ADMINISTRACION ESCOLAR 
650 4 |a PLANIFICACION EDUCATIVA 
653 |a PEDAGOGIA EN EDUCACION BASICA 
653 |a PEDAGOGIA EN EDUCACION DIFERENCIAL 
653 |a PEDAGOGIA EN EDUCACION PARVULARIA 
653 |a PEDAGOGIA EN HISTORIA Y CIENCIAS SOCIALES 
653 |a PEDAGOGIA EN LENGUA CASTELLANA Y COMUNICACION 
900 |a 371.2 ELM 
942 |c BK 
952 |0 0  |1 0  |4 0  |6 371_200000000000000_ELM  |7 0  |8 General  |9 30260  |a BC  |b BC  |c General  |d 2017-08-03  |o 371.2 ELM  |p 1366997  |r 2026-01-13 00:00:00  |t 1  |w 2017-08-03  |y BK 
999 |c 15153  |d 15153